000 00895cab a2200289 4500
001 ABS51180
008 090401t1994 xxu||||| |||| 00| 0 eng d
035 _a(Sirsi) u13988
041 _aeng
100 _aCarty, P.
245 _aPrivate funds for public profits
260 _c1994
350 _a0
490 _aAccountancy
_v114(1212) August 1994, 34-36(3)
520 _aConsiders whether private investors will be prepared to take the risk of funding roadbuilding projects.
650 _aBOO CONTRACTS
650 _aBUILD-OPERATE-OWN
650 _aPRIVATE FINANCE INITIATIVE
650 _aPRIVATE SECTOR
650 _aPUBLIC SECTOR
650 _aPROPERTY-INFRASTRUCTURE-TRANSPORT INFRASTRUCTURE-ROAD INFRASTRUCTURE
650 _aTOLLS
690 _aPROPERTY-PROPERTY FINANCE AND INVESTMENT
690 _aTRANSPORT AND COMMUNICATIONS
942 _n0
948 _c04/03/1997
999 _c9052
_d9052